000
00297nam a22001337a 4500
008
170412b xxu||||| |||| 00| 0 eng d
020
_a
0397505264
041
_a
eng
080
_2
6 ED
_a
618
100
_a
10
101
_a
SHM
245
_a
OPERATIVE GYNECOLOGY
_c
MATTINGLY.R.F
942
_2
udc
_c
BK
999
_c
10514
_d
10514